| 000 | 00905nam a22003137a 4500 | ||
|---|---|---|---|
| 003 | CHAP | ||
| 005 | 20220329133329.0 | ||
| 008 | 971013s r 00010 d | ||
| 010 | _a5009 | ||
| 011 | _a5981 | ||
| 035 | _a5197 | ||
| 040 | _cCHAP | ||
| 090 | _aFolleto 13718 | ||
| 110 |
_aBritish Crop Protection Council _915411 |
||
| 245 | _aReview | ||
| 260 |
_aLondon : _bThe Council, _c19-- |
||
| 300 | _av | ||
| 500 | _a55-141 | ||
| 500 | _aLa biblioteca tiene: 1988, 1989 | ||
| 590 |
_aBATCH-UPD _b10 _c20130110 _lUCH01 _h1954 |
||
| 590 |
_aBATCH-UPD _b10 _c20130410 _lUCH01 _h1315 |
||
| 590 |
_aBATCH-UPD _b10 _c20130914 _lUCH01 _h1116 |
||
| 590 |
_aCONVERSION _b10 _c20130109 _lUCH01 _h1304 |
||
| 650 | 1 | 4 |
_aAgricultura _xInvestigacion _zGran Bretana. _91703 |
| 650 | 1 | 4 |
_aCultivos _xGran BretaƱa. _930277 |
| 901 | _aBK | ||
| 942 | _cFOLL | ||
| 949 |
_aFolleto 13718 _bBC _cFOLL _d-14765 _eTS1 _i5197 _si |
||
| 999 |
_c5009 _d5009 |
||